00681nam a22001817a 4500003000900000008004100009040007100050082002000121245007200141260005200213300004400265440003400309505007300343650002400416650001500440650001300455700003100468AR-CdUCM190425b ||||| |||| 00| 0 spa d aMUNICIPALIDAD PROVINCIAL DEL CUSCOcBIBLIOTECA MUNICIPAL DEL CUSCO aSur/N°161/1990 aSur :bsemanario regional surandino /cGuido Delran Cousy, Director aCusco.bCentro Bartolomé de las Casas,c1990. a8 páginas. :bilustraciones ;c29 cm. aSur.nAño XIII, N°161,1990 aContenido: Depredan camélidos andinos en zonas altas de Cusco. ... aSociedad cusqueña aPolítica aSiglo XX aRojas Sullca, Hermógenes